Pueblo de Dios y de Mandinga : con el asesoramiento científico de Slim /

Guardado en:
Detalles Bibliográficos
Autor principal: Alegría, Claribel (autor)
Formato: Libro
Idioma:Español
Publicado: México : Era, 1985, c1985
Colección:(Alacena)
Temas:
Etiquetas: Agrega una etiqueta
Sin etiquetas, Sé el primero en etiquetar este registro!

MARC

LEADER 00000nam^a2200000^a^4500
001 000320597
005 20250521000000.0
009 20260310113516.664
020 |a 968-411-130-4 
025 |a Donación Alvaro Gómez Saborío, 1 ejemplar 
037 |a Acervo ITESO - Biblioteca 
041 |a ESP 
082 |a 863.  |b ALE 
100 |a Alegría, Claribel  |e (autor) 
245 1 0 |a Pueblo de Dios y de Mandinga :  |b con el asesoramiento científico de Slim /  |c C. Alegría. 
264 4 |a México :  |b Era,  |c 1985, c1985 
300 |a 80 p. 
336 |a texto  |b txt  |2 rdacontenido 
337 |a sin mediación  |b n  |2 rdamedio 
338 |a volumen  |b nc  |2 rdasoporte 
440 1 |a (Alacena) 
649 |a XX 
650 |a Novela Nicaragüense 
650 |a Literatura Nicaragüense -  |y Siglo XX 
650 |a Literatura de Mujeres -  |z Nicaragua 
910 |a Fondo General 
920 |a Impresos - Libros 
930 |a Colección General 
940 |a Literatura 
905 |a 101 
901 |a 0500207796  |b IT1  |c LIT  |i D  |u 20250521 
902 |a https://opac.biblio.iteso.mx/vufind/Record/000320597